|
|
|
|
| LEADER |
02313nam a22003733i 4500 |
| 001 |
EBC6984146 |
| 003 |
MiAaPQ |
| 005 |
20231204023224.0 |
| 006 |
m o d | |
| 007 |
cr cnu|||||||| |
| 008 |
231204s2019 xx o ||||0 eng d |
| 020 |
|
|
|a 9780520972032
|q (electronic bk.)
|
| 020 |
|
|
|z 9780520300804
|
| 035 |
|
|
|a (MiAaPQ)EBC6984146
|
| 035 |
|
|
|a (Au-PeEL)EBL6984146
|
| 035 |
|
|
|a (OCoLC)1075552532
|
| 040 |
|
|
|a MiAaPQ
|b eng
|e rda
|e pn
|c MiAaPQ
|d MiAaPQ
|
| 082 |
0 |
|
|a 780.955
|
| 100 |
1 |
|
|a Lucas, Ann E.
|
| 245 |
1 |
0 |
|a Music of a Thousand Years :
|b A New History of Persian Musical Traditions.
|
| 250 |
|
|
|a 1st ed.
|
| 264 |
|
1 |
|a Berkeley :
|b University of California Press,
|c 2019.
|
| 264 |
|
4 |
|c Ã2019.
|
| 300 |
|
|
|a 1 online resource (284 pages)
|
| 336 |
|
|
|a text
|b txt
|2 rdacontent
|
| 337 |
|
|
|a computer
|b c
|2 rdamedia
|
| 338 |
|
|
|a online resource
|b cr
|2 rdacarrier
|
| 520 |
|
|
|a A free open access ebook is available upon publication. Learn more at www.luminosoa.org. Iran's particular system of traditional Persian art music has been long treated as the product of an ever-evolving, ancient Persian culture. In Music of a Thousand Years, Ann E. Lucas argues that this music is a modern phenomenon indelibly tied to changing notions of Iran's national history. Rather than considering a single Persian music history, Lucas demonstrates cultural dissimilarity and discontinuity over time, bringing to light two different notions of music-making in relation to premodern and modern musical norms. An important corrective to the history of Persian music, Music of a Thousand Years is the first work to align understandings of Middle Eastern music history with current understandings of the region's political history.
|
| 588 |
|
|
|a Description based on publisher supplied metadata and other sources.
|
| 590 |
|
|
|a Electronic reproduction. Ann Arbor, Michigan : ProQuest Ebook Central, 2023. Available via World Wide Web. Access may be limited to ProQuest Ebook Central affiliated libraries.
|
| 655 |
|
4 |
|a Electronic books.
|
| 776 |
0 |
8 |
|i Print version:
|a Lucas, Ann E.
|t Music of a Thousand Years
|d Berkeley : University of California Press,c2019
|z 9780520300804
|
| 797 |
2 |
|
|a ProQuest (Firm)
|
| 856 |
4 |
0 |
|u https://ebookcentral.proquest.com/lib/matrademy/detail.action?docID=6984146
|z Click to View
|